00740 a2200181 4500008004100000020001800041040004800059041000800107100002200115245011500137260005600252300003600308504005300344650004700397650004700444650004600491700002100537130821s2011 enka gr eng  a9781848441842 aCO-BoUCMbspacAdriana LeóndHenry Ríos00aeng1 aPiekkari, Rebecca10aRethinking the case study in international business and management researchcRebecca Piekkari, Katherine Welch aLondres (Inglaterra)bEdward Elgar Publishingc2011 axvi, 550 páginas,bgráficas aIncluye referencias bibliográficas e índices 7aEmpresas internacionalesvEstudio de casos 7aEmpresas internacionalesxAdministración 7aEmpresas internacionalesxInvestigaciones1 aWelch, Katherine